Conta-me... a viagem do Guga (Registo nº 1916)
[ vista simples ]
| 000 -Etiqueta do registo | |
|---|---|
| Cabeçalho | 01028nam a22003251 4500 |
| 005 - Identificador da versão | |
| Campo de controlo | 20240813121919.0 |
| 010 ## - Número internacional normalizado dos livros (ISBN) | |
| Número (ISBN) | 9726276268 |
| 021 ## - Número do Depósito Legal | |
| Código do país | PT |
| Número | 189869/03 |
| 100 ## - Dados gerais de processamento | |
| Dados gerais de processamento | 20070525d2003 c y0pory5003 ba |
| 102 ## - Pais de publicação ou produção | |
| País de publicação | Portugal |
| 101 0# - Língua de publicação | |
| Língua do texto, banda sonora, etc. | Português |
| 106 ## - Campo de dados codificados: material textual | |
| Dados codificados do material textual | r |
| 105 ## - Campo de dados codificados: livros | |
| Dados codificados dos livros | a j 001yy |
| 215 ## - Descrição física | |
| Indicação específica da natureza do documento e extensão da espécie | 47 p. |
| Outras indicações físicas | il. |
| Dimensões | 37 cm |
| 200 1# - Titulo e menção de responsabilidade | |
| Título próprio | Conta-me... a viagem do Guga |
| Informação de outro título | língua portuguesa, 1º ciclo do ensino básico |
| Primeira menção de responsabilidade | Adelina Carvalho, Sara Canelhas, Virgínia Magalhães |
| Outras menções de responsabilidade | il. Pedro Cores |
| 225 2# - Colecção | |
| Título próprio da colecção | Álbum de histórias |
| 205 ## - Menção da edição | |
| Menção da edição | 1ª ed. |
| 210 ## - Publicação, Distribuição, etc. | |
| Lugar da edição, distribuição, etc. | Porto |
| Nome do editor, distribuidor, etc. | Areal |
| Data da publicação, distribuição, etc. | 2003 |
| 606 ## - Nome comum usado como assunto | |
| Número de registo de entrada de autoridade | 0000029 |
| Palavra de ordem | Literatura portuguesa infantil |
| Subdivisão de assunto | Conto |
| Número de registo de entrada de autoridade | 0000506 |
| Palavra de ordem | Manual de apoio à lingua portuguesa |
| 675 ## - Classificação Decimal Universal (CDU) | |
| Notação | 821.134.3-34 |
| Edição | 2ª |
| Língua da edição | por |
| 702 #1 - Nome de autor-pessoa física (responsabilidade secundária) | |
| Número de registo de entrada de autoridade | 0000510 |
| Palavra de ordem | Cores |
| Outra parte do nome não tomada para palavra de ordem | Pedro |
| Código de função | Ilustrador / Técnico de desenho computorizado |
| 701 #1 - Nome de autor-pessoa física (co-responsabilidade principal) | |
| Palavra de ordem | Canelhas |
| Outra parte do nome não tomada para palavra de ordem | Sara |
| Código de função | Autor / Co-autor |
| Palavra de ordem | Magalhães |
| Outra parte do nome não tomada para palavra de ordem | Virgínia |
| Código de função | Autor / Co-autor |
| 700 #1 - Nome de autor-pessoa física (responsabilidade principal) | |
| Número de registo de entrada de autoridade | 0000507 |
| Palavra de ordem | Carvalho |
| Outra parte do nome não tomada para palavra de ordem | Adelina |
| 942 ## - Elementos de entrada adicionados (Koha) | |
| Tipo de item no Koha | Livro |
| Situação do levantamento | Origin of item (home branch) (coded) | Biblioteca de empréstimo | Código de barras | Cota | Circulation type (not for loan) | Tipo de documento | Nota do exemplar | Damaged status |
|---|---|---|---|---|---|---|---|---|
| Biblioteca Escolar da Coca Maravilhas | Biblioteca Escolar da Coca Maravilhas | BECM6012/03 | 8EST CAR | Livro | Sem mensagem |
